00514nam a2200145 a 450000100100000000500170001000800410002704000250006810000220009324500860011526000340020130000210023550000690025660000430032500002635420240705073646.0110314s1940 dr 000 0 spa d aDO-SdBNPbspacBNPHU1 aHostos, Adolfo de10aÍndice hemero-bibliográfico de Eugenio María de Hostos /cAdolfo de Hostos. aSan Juan, Puerto Rico,c1940. a756 P. ;c23 cm. aIncluye material inédito, iconografía hostosiana (1863-1940)10aHostos, Eugenio María de,d1839-1903